Law for business / (Record no. 3954)

000 -LEADER
fixed length control field 01108cam a2200325 i 4500
001 - CONTROL NUMBER
control field 17859289
003 - CONTROL NUMBER IDENTIFIER
control field OSt
005 - DATE AND TIME OF LATEST TRANSACTION
control field 20171123155643.0
008 - FIXED-LENGTH DATA ELEMENTS--GENERAL INFORMATION
fixed length control field 130821s2015 nyua 001 0 eng
010 ## - LIBRARY OF CONGRESS CONTROL NUMBER
LC control number 2013033985
020 ## - INTERNATIONAL STANDARD BOOK NUMBER
International Standard Book Number 9780078023811 (alk. paper)
040 ## - CATALOGING SOURCE
Original cataloging agency DLC
Language of cataloging eng
Transcribing agency DLC
Description conventions rda
Modifying agency DLC
042 ## - AUTHENTICATION CODE
Authentication code pcc
043 ## - GEOGRAPHIC AREA CODE
Geographic area code n-us---
050 00 - LIBRARY OF CONGRESS CALL NUMBER
Classification number KF889.B28 2015
082 00 - DEWEY DECIMAL CLASSIFICATION NUMBER
Classification number 346.7307
Edition number 23
100 1# - MAIN ENTRY--PERSONAL NAME
Personal name Barnes, A. James,
245 10 - TITLE STATEMENT
Title Law for business /
Statement of responsibility, etc A. James Barnes, J.D., Terry Morehead Dworkin, J.D., Eric L. Richards, J.D., all of Indiana University.
250 ## - EDITION STATEMENT
Edition statement Twelfth edition.
260 ## - PUBLICATION, DISTRIBUTION, ETC. (IMPRINT)
Place of publication, distribution, etc New York
Name of publisher, distributor, etc McGraw Hill
Date of publication, distribution, etc 2015
300 ## - PHYSICAL DESCRIPTION
Extent xxxvii, 1032 pages :
Other physical details illustrations ;
Dimensions 26 cm
500 ## - GENERAL NOTE
General note Includes index.
650 #0 - SUBJECT ADDED ENTRY--TOPICAL TERM
Topical term or geographic name as entry element Commercial law
Geographic subdivision United States.
650 #0 - SUBJECT ADDED ENTRY--TOPICAL TERM
Topical term or geographic name as entry element Trade regulation
Geographic subdivision United States.
700 1# - ADDED ENTRY--PERSONAL NAME
Personal name Dworkin, Terry Morehead,
Relator term author.
700 1# - ADDED ENTRY--PERSONAL NAME
Personal name Richards, Eric L.,
Relator term author.
906 ## - LOCAL DATA ELEMENT F, LDF (RLIN)
a 7
b cbc
c orignew
d 1
e ecip
f 20
g y-gencatlg
942 ## - ADDED ENTRY ELEMENTS (KOHA)
Source of classification or shelving scheme
Koha item type Book
Holdings
Withdrawn status Lost status Source of classification or shelving scheme Damaged status Not for loan Home library Current library Shelving location Date acquired Total Checkouts Total Renewals Full call number Barcode Date last seen Date checked out Copy number Price effective from Koha item type
          Riara University Library Riara University Library General stack 23/11/2017 11 1 KF889.B28 2015 9057/17 28/04/2023 18/04/2023 C.1 23/11/2017 Book
          Riara University Library Riara University Library   23/11/2017 9   KF889.B28 2015 9058/17 16/03/2020 14/03/2020 C.2 23/11/2017 Reference material
          Riara University Library Riara University Library General stack 23/11/2017 11   KF889.B28 2015 9059/17 11/06/2024 06/06/2024 C.3 23/11/2017 Reference material

Riara University Library,
P.O. Box 49940-00100,
Nairobi, Kenya.